[Event "AUT-ch (Women)"]
[Site "Mureck"]
[Date "2001.08.14"]
[Round "7"]
[White "Nagl, Erika G"]
[Black "Horvath, Maria"]
[Result "1/2-1/2"]
[WhiteElo "2025"]
[BlackElo "2053"]
[PlyCount "50"]
[EventDate "2001.08.05"]
[EventType "tourn"]
[EventRounds "11"]
[EventCountry "AUT"]
[SourceTitle "CBM 083 Extra"]
[Source "ChessBase"]
[SourceDate "2001.09.11"]
[SourceVersion "1"]
[SourceVersionDate "2001.09.11"]
[SourceQuality "1"]

1. e4 c5 2. d3 Nc6 3. g3 g6 4. Bg2 Bg7 5. f4 d6 6. Nf3 e6 7. 0-0 Nge7 8. c3 Rb8 9. Be3 0-0 10. Nbd2 b5 11. g4 b4 12. Qc2 Ba6 13. Rfe1 bxc3 14. bxc3 Qa5 15. Rec1 Rb7 16. Nb3 Qa3 17. e5 Nd5 18. Re1 Nxe3 19. Rxe3 d5 20. Nfd2 Rfb8 21. Rc1 Bf8 22. Ree1 Na5 23. c4 Nc6 24. Nb1 Qa4 25. Nc3 Qa3 1/2-1/2